[Event "POL-ch U18"]
[Site "Chotowa"]
[Date "2009.03.28"]
[Round "1"]
[White "Dudys, Jakub"]
[Black "Januszewski, Piotr"]
[Result "1-0"]
[WhiteElo "2098"]
[BlackElo "1848"]
[PlyCount "69"]
[EventDate "2009.03.28"]
[EventType "swiss"]
[EventRounds "11"]
[EventCountry "POL"]
[SourceTitle "EXT 2011"]
[Source "ChessBase"]
[SourceDate "2010.11.26"]
[SourceVersion "1"]
[SourceVersionDate "2010.11.26"]
[SourceQuality "1"]

1. e4 c5 2. Nf3 Nc6 3. d4 cxd4 4. Nxd4 g6 5. c4 Bg7 6. Be3 Nf6 7. Nc3 0-0 8. Be2 d6 9. 0-0 Bd7 10. Rc1 Rc8 11. f3 a6 12. Qd2 h5 13. Rfd1 Kh7 14. Nc2 Ne5 15. b3 Qc7 16. Nd4 Qb8 17. a3 Nc6 18. Nc2 Na5 19. Na1 b5 20. e5 dxe5 21. Ne4 Nxe4 22. fxe4 Nc6 23. Qxd7 Rfd8 24. Qh3 Nd4 25. Bxd4 exd4 26. Nc2 Qb6 27. Kh1 e6 28. Rf1 Rc7 29. Ne1 bxc4 30. Bxc4 Qd6 31. a4 a5 32. Rd1 Qe5 33. Nf3 Qc5 34. Qh4 Re8 35. g4 1-0

[Event "Bydgoszcz U18 op 26th"]
[Site "Bydgoszcz"]
[Date "2009.02.16"]
[Round "6.1"]
[White "Drozdowski, Kacper"]
[Black "Januszewski, Piotr"]
[Result "1/2-1/2"]
[WhiteElo "2039"]
[BlackElo "1848"]
[PlyCount "48"]
[EventDate "2009.02.16"]
[EventType "swiss"]
[EventRounds "9"]
[EventCountry "POL"]
[SourceTitle "EXT 2023"]
[Source "ChessBase"]
[SourceDate "2022.10.05"]
[SourceVersion "1"]
[SourceVersionDate "2022.10.05"]
[SourceQuality "1"]

1. e4 c5 2. Nf3 Nc6 3. d4 cxd4 4. Nxd4 g6 5. Be3 Bg7 6. Nc3 Nf6 7. Bc4 0-0 8. 0-0 d6 9. h3 Nxe4 10. Nxe4 d5 11. Nxc6 bxc6 12. Bd3 dxe4 13. Bxe4 Ba6 14. Re1 Bxb2 15. Rb1 Bc3 16. Qxd8 Rfxd8 17. Red1 Bb5 18. Rxd8+ Rxd8 19. Bxa7 f5 20. Bd3 Bxd3 21. Rd1 Ra8 22. Rxd3 Rxa7 23. Rxc3 Rxa2 24. Rxc6 Ra1+ 1/2-1/2